| 000 | 00000nam##2200000za#4500 |
| 001 | 9.567608 |
| 003 | CaOODSP |
| 005 | 20210624180845 |
| 007 | cr ||||||||||| |
| 008 | 150406|1997||||xxc|||||o f|0| 0 eng|d |
| 040 | |aCaOODSP|beng |
| 043 | |an-cn--- |
| 086 | 1 |aBT31-2/1998-III-76E-PDF |
| 110 | 1 |aCanada. |bTreasury Board. |
| 245 | 10|aOffices of the Information and Privacy Commissioners, 1997-98 estimates, part III, expenditure plan |h[electronic resource] |
| 260 | |aOttawa - Ontario : |bTreasury Board of Canada Secretariat |cc1997. |
| 300 | |a31p.|bgraphs, tables |
| 490 | 1 |a1997-98 estimates. Part III, Expenditure plan |
| 590 | |a10-06-Supp|b2010-07-26 |
| 775 | 08|tCommissariats à l'information et à la protection de la vie privée, budget des dépenses 1997-1998, partie III, plan de dépenses |w(CaOODSP)9.598938 |
| 776 | 0#|tOffice of the Information and Privacy Commissioners |w(CaOODSP)9.528068 |
| 776 | 0#|tCommissariats à l'information et à la protection de la vie privée |w(CaOODSP)9.528069 |
| 830 | #0|a1997-98 estimates. Part III, Expenditure plan.|w(CaOODSP)9.506109 |
| 856 | 40|ahttp://publications.gc.ca|qPDF|s219 KB|uhttps://publications.gc.ca/collections/Collection/BT31-2-1998-III-76E.pdf |